00438nam a2200109Ia 4500008004100000050002400041100002700065245010800092260008600200300002000286521002200306140724s9999 xx 000 0 und d aLC 3981b.M267 2013 aManay, Mack Yzekiel I. aCase study on the effects of ten-day camp to students with mental retardation /cMack Yzekiel I. Manay. aLas Piñas, Philippines :bSouthville International School and Colleges,cc2013. a94 p. :c28 cm. aSpecial Education